Language Quiz

Random Language Quiz

Ends in Ja Quiz Stats

Quiz not verified by Sporcle

Challenge
Share
Tweet
Embed
Score 0/30 Timer 05:00
0 Plays Today
Clue Word % Correct
A covert agent or mercenary in feudal JapanNinja
69%
The title for a monarch in IndiaRaja
51.7%
Another spelling for the House of BorgiaBorja
51.7%
Hahaha in SpanishJajaja
51.7%
Brigitte Nielsen's film 'Red...'Sonja
44.8%
Nigeria's capital cityAbuja
44.8%
Talking boardOuija
44.8%
The continuation of California south of the borderBaja
41.4%
Red in Spanish (feminine)Roja
41.4%
Orange in Spanish (fruit)Naranja
37.9%
French expression.....vuDeja
37.9%
Daughter in SpanishHija
34.5%
American rapper known for single hit 'Crank That'...BoySoulja
30%
Short for Benjamin in SpanishBenja
25%
Sanskrit title for great or high kingMaharaja
24.1%
Clue Word % Correct
Muse of Goya's paintings one naked, one dressedMaja
20.7%
Director of 'The Hills Have Eyes' and 'High Tension' Alexander...Aja
17.2%
Mexican type of cheeseCotija
13.8%
Another name for cobraNaja
10.3%
Autonomous community in Spain and city in ArgentinaLa Rioja
6.9%
Azerbaijan's second largest cityGanja
6.9%
City in Southern BoliviaTarija
6.9%
Island in the Guadalquivir River, SevilleLa Cartuja
6.9%
City in Santander, Colombia and Oil CapitalBarrancabermeja
6.9%
City in Boyaca, ColombiaTunja
6.9%
City in EcuadorLoja
6.9%
A deck of playing cards Baraja
6.9%
Spanish navigator and oldest park in San DiegoPantoja
5.3%
Latvia's third largest cityLiepaja
5.3%
Mecano's Spanish singer Ana...Torroja
3.7%

You're not logged in!

Compare scores with friends on all Sporcle quizzes.
Sign Up with Email
OR
Log In

You Might Also Like...

Show Comments

Extras

Top Quizzes Today


Score Distribution

Your Account Isn't Verified!

In order to create a playlist on Sporcle, you need to verify the email address you used during registration. Go to your Sporcle Settings to finish the process.